World Regions Flags Quiz - Statistics

General Stats
  • This quiz has been taken 63 times
    61 since last reset
  • The average score is 18 of 56
Answer Stats
Picture Answer % Correct
Greenland
87%
Faroe Islands
73%
Gibraltar
73%
Hong Kong
73%
Vatican
73%
Guam
67%
Isle of Man
67%
Puerto Rico
67%
American Samoa
60%
Cook Island
60%
French Guiana
53%
New Caledonia
53%
Niue
53%
Virgin Islands
53%
Macao
47%
Norfolk Island
47%
Reunion
47%
Transnistria
47%
Abkhazia
40%
Christmas Island
40%
Cocos Island
40%
Easter Island
40%
French Polynesia
40%
Jersey
40%
Aland Islands
33%
Bermuda
33%
Curacao
33%
Saint Pierre and Miquelon
33%
Guernsey
27%
South Ossetia
27%
Svalbard
27%
Tokelau
27%
Anguilla
20%
Aruba
20%
Mayotte
20%
Wallis and Futuna
20%
Falklands
13%
Guadeloupe
13%
Montserrat
13%
TAAF
13%
Turks and Caicos
13%
Ascension
7%
Bonaire
7%
Cayman Islands
7%
Martinique
7%
Northern Mariana
7%
Saba
7%
Saint Martin
7%
Sint Eustatius
7%
Sint Maarten
7%
South Georgia and the South Sandwich Islands
7%
Iraqi Kurdistan
0%
Pitcairn
0%
Saint Barthélemy
0%
Saint Helena
0%
Tristan da Cunha
0%
No matching quizzes found
Score Distribution
Percent of People with Each Score
Percentile by Number Answered
Your Score History
You have not taken this quiz since the last reset